000 00914cam a2200205 4500
001 WB3706-05
008 000000n2001 000 0 eng u
035 _a(Sirsi) u110775
245 _aHSE to combat asbestos risks
260 _c2001
490 _aContract Journal
_v407(6312) 31 January 2001, 4(1)
520 _aHealth & Safety Executive is to launch a three year campaign to raise awareness of a proposed amendment to asbestos regulations which will help to reduce asbestos related deaths. There had been some criticism that the HSE is not doing enough to make contractors aware of this problem.
590 _aWB
650 _aMANAGEMENT-HEALTH AND SAFETY-HAZARDOUS SUBSTANCES-ASBESTOS
650 _aHEALTH AND SAFETY EXECUTIVE
650 _aCONSTRUCTION WORKERS
650 _aCONTROL OF ASBESTOS AT WORK (AMENDMENT) REGULATIONS 1998
690 _aBUILT ENVIRONMENT-BUILDING STANDARDS
942 _n0
999 _c66034
_d66034